000 00389nam a2200157 i 4500
001 bg
100 1 _aVALTER, A. K.
245 0 _aJadernaja fizika /
_cA.K. Valter, I.I. Zaljubowskij.
250 _aIzd.2 pererab. i dopoln.
260 _aCharkov,
_c1974.
700 1 _aZALJUBOWSKIJ, I. I.
040 _cBPK
041 _apol
942 _cKS
008 s pl f |000 0 pol
999 _c26251
_d26251
856 _uhttp://koha.tu.koszalin.pl/cgi-bin/koha/opac-detail.pl?biblionumber=26251
_yKatalog online BPK